LEADER 01219nam a2200301 a 4500 001 000000154285 003 CaOOAMICUS 005 20160926135211.0 008 160926s2005 it u000 u ita r 020 $a881325959X* 032 $aLibriCat 040 $aPUL$bita 100 1 $aMontagna, Mariangela.$0(OLS)http://pul/name/98225 245 12$aI sequestri nel sistema delle cautele penali /$cMariangela Montagna. 260 $aPadova :$bCEDAM,$c2005. 300 $a358 p. ;$c25 cm. 490 1 $aQuestioni nuove di procedura penale ;$v19 504 $aBibliografia in nota. 650 4$aSequestro$xDiritto processuale penale.$0(OLS)http://pul/subject/33677 830 0$aQuestioni nuove di procedura penale ;$v19.$0(OLS)http://pul/title/193876 850 $aPUL 852 $aPUL$W1$xDP1 Fondo G. Barberini$y122$m4 G 23$j177338$qFondi$B180313$CPULBib$Z2$F180313 $HBar971 $81 941 1 $a1 961 $aDedica autografa dell?autore. 996 $6020$a881325959X*$9(OLS)http://pul/number/161144 996 $6245$aI sequestri nel sistema delle cautele penali$9(OLS)http://pul/title/193880 996 $6260$aPadova :$bCEDAM$9(OLS)http://pul/publisher/48126 LEADER 01382nam a2200313 u 4500 001 000000113339 003 CaOOAMICUS 005 20081205123954.0 008 081006s2007 it d u000 u ita r 020 $z978-88-498-1788-1* 040 $aPUL$bita$dLDB 041 1 $aita$heng 100 1 $aSoto, Hernando de.$0(OLS)http://pul/name/69892 240 10$aOther path.$lItaliano.$0(OLS)http://pul/title/142430 245 10$aPovertà e terrorismo :$bl'altro sentiero /$cHernando de Soto ; edizione italiana a cura di Flavio Felice. 260 $aSoveria Mannelli :$bRubbettino,$c2007. 300 $axvii, 380 p. :$bgraf. ;$c22 cm. 490 1 $aNovae Terrae (Rubbettino) 504 $aBibliografia in nota. 650 4$aTerrorismo.$0(OLS)http://pul/subject/6249 650 14$aPovertà.$0(OLS)http://pul/subject/5964 700 1 $aFelice, Flavio,$d1969-$0(OLS)http://pul/name/42078 830 0$aNovae Terrae (Rubbettino).$0(OLS)http://pul/title/137035 850 $aPUL 852 $aPUL$W1$xSL Cons. Gen., Altre Classi 3$y75$m985 DESHE 1$j129532$qDDC 21$B128579$CPULBib$Z2$F128579 $H107366 $82 941 1 $a9 996 $6020$z978-88-498-1788-1*$9(OLS)http://pul/number/138759 996 $6245$aPovertà e terrorismo :$bl'altro sentiero$9(OLS)http://pul/title/142429 996 $6260$aSoveria Mannelli :$bRubbettino$9(OLS)http://pul/publisher/51639